00718nam a22002052a 450000100060000000300080000600500170001400800410003103500510007204000270012304100080015008200190015824500440017726000610022130000210028265000580030394200120036199900170037395201220039020061BD-RjUL20211209000521.0140226s1954 enk 000 0 eng d aOCLC ocm01653367 from D950807Ma(BD-RjUL)20123 aDZMcDZMdBD-RjULbeng aeng a840bTEA 195404aThe Teach yourself French phrase book / aLondon :bEnglish Univ. Press,c1947 [Impression 1954]. a209 p ;c19 cm. 0aFrench languagevConversation and phrase books961765 2ddccBK c20061d20061 00102ddc40718NFICaRUCLbRUCLcReadingd2014-02-26l0o440.9 TEA 1954r2014-02-26 00:00:00tC-1w2014-02-26yBK